L'armée romaine - Statistiques

Statistiques générales
  • Ce quiz a été pris 296 fois
  • Le résultat moyen est 9 sur 15
Statistiques - réponses
Question Réponse % Correct
Comment s'appelle le soldat d'infanterie de base de l'armée romaine? Le légionnaire
93%
Comment s’appelait la garde rapprochée de l'empereur? Les Prétoriens
91%
Lequel de ces personnages sortit vainqueur de la bataille de Zama en -202? Scipion l'Africain
78%
Lequel de ces équipements n'appartient pas au légionnaire romain? la sarissa
66%
Comment s'appelle le camp militaire romain? le castrum
66%
Combien de temps durait le service militaire au sein de l'armée romaine? 20 ans
62%
Comment s'appelle le meilleur centurion de la première centurie de la première légion? Le primipile
57%
Comment s'appelle l'unité lance projectile épaulant les légionnaires sur le champs de bataille? Les vélites
54%
Laquelle de ces batailles fut une victoire de Rome? Bataille des Champs Catalauniques
49%
De combien d'hommes est généralement composée une légion? 6000 hommes
47%
Comment s’appelait le porteur d'aigle (insigne de l'armée)? Le signifer
45%
Combien pesait en tout l'équipement du légionnaire, barda compris? 40kg
43%
En quelle année eu lieu la bataille de Pharsale? En 48 av. J.-C.
43%
Comment s'appelle le système d'abordage ingénieux des navires romains? Le corbeau
43%
Lequel de ces engins de siège est typique des romains l'onagre
42%
Aucun quiz correspondant
Distribution des résultats
% des personnes avec chaque résultat
Percentile par nombre de réponses
Votre historique - résultats
Vous n’avez pas pris ce quiz